00534nam a2200181Ii 45000010005000000030009000050080041000140400033000550410008000880820016000961100052001122450024001642640071001883000012002593360026002713370028002973380027003254759CO-ViMGA241108s9999||||xx |||||||||||||| ||und|| aCO-ViMGAbspaerdacCO-ViMGA0 aunk04a634.33 F2931 aFederación Nacional de Cafeteros de Colombia,10aEl cultivo de mango 1a[Lugar de publicación no identificado] : La federación, [199?] avolumen atextbtxt2rdacontent aunmediatedbn2rdamedia avolumebnc2rdacarrier